| 000 | 00356pab a2200157 454500 | ||
|---|---|---|---|
| 008 | 180718b2001 xxu||||| |||| 00| 0 eng d | ||
| 100 | _aSingh, Joginder | ||
| 245 | _aThe sullied image of the police force | ||
| 260 | _c2001 | ||
| 300 | _ap.6 | ||
| 362 | _a6 Aug | ||
| 650 | _aPolice - India | ||
| 650 | _aPolice | ||
| 773 | _aPioneer | ||
| 909 | _a50547 | ||
| 999 |
_c50547 _d50547 |
||